The Exploration diaries of H. M. Stanley / (Record no. 12472)

MARC details
000 -LEADER
fixed length control field 00631cam a22002052 4500
001 - CONTROL NUMBER
control field 0000000969
005 - DATE AND TIME OF LATEST TRANSACTION
control field 20151217155806.0
008 - FIXED-LENGTH DATA ELEMENTS--GENERAL INFORMATION
fixed length control field 070222s xx 000 0 eng d
040 ## - CATALOGING SOURCE
Original cataloging agency KABU
Transcribing agency KABU
050 #0 - LIBRARY OF CONGRESS CALL NUMBER
Classification number DT351
Item number .S7E95
245 14 - TITLE STATEMENT
Title The Exploration diaries of H. M. Stanley /
Statement of responsibility, etc. ed. by Richard Stanley and Alan Neame.
260 ## - PUBLICATION, DISTRIBUTION, ETC. (IMPRINT)
Place of publication, distribution, etc. London :
Name of publisher, distributor, etc. W. Kimbner,
Date of publication, distribution, etc. 1961.
300 ## - PHYSICAL DESCRIPTION
Extent xxi, 208 p.
600 10 - SUBJECT ADDED ENTRY--PERSONAL NAME
Personal name Stanley, Henry Morton.
-- 0000148657
700 1# - ADDED ENTRY--PERSONAL NAME
Personal name Stanley, Richard.
-- 0000149424
700 1# - ADDED ENTRY--PERSONAL NAME
Personal name Neame, Alan.
-- 0000149425
908 ## - PUT COMMAND PARAMETER (RLIN)
Put command parameter 070222
950 ## - LOCAL HOLDINGS (RLIN)
-- 1
Holdings
Withdrawn status Lost status Source of classification or shelving scheme Not for loan Home library Current library Date acquired Total Checkouts Full call number Barcode Date last seen Price effective from Koha item type
    Library of Congress Classification   Kabarak, Main Campus Kabarak, Main Campus 17/12/2015   DT351 .S7E95 006466 17/12/2015 17/12/2015 Africana Collection
Designed with assistance from East African Informatics Ltd